000
00270nam a2200097Ia 4500
001
1002885
005
20250826230439.0
008
250824s9999 xx 000 0 und d
245
0
_a
MYRİAD LİSESİ HANNAH NEYİ BİLMİYOR
_c
CARLY WİLSON
260
_b
HEP KİTAP YAYINLARI
999
_c
1002885
_d
1002885